00634nam a2200157 a 450000100100000000500170001000800410002704000250006810000280009324500630012126000400018430000200022450001100024495201050035499900170045900003899520201002031442.0130510s1973 dr 000 0 spa d aDO-SdBNPbspacBNPHU1 aMorales, Tomás96524013aEl superpuerto ¡un peligro antillano! /cTomás Morales. aSanto Domingo :bTomas Mora,c1973. a35 p. ;c20 cm. aUna contrubución de la Universidad Autónoma de Santo Donmingo a los problemas ecológicos del Caribe 0010718PDaPDbPDcCTd2013-05-10iLF1l0o p38995-10r2020-06-25w2020-06-25yLFPDZNo se presta c38485d38485